| 000 | 01914nam a2200505 i 4500 | ||
|---|---|---|---|
| 001 | 11259 | ||
| 003 | KOSZ 005 | ||
| 005 | 20200507104613.0 | ||
| 008 | 200507s1968 pl a f f 001 0 pol | ||
| 015 | _aPB 1968/8429 | ||
| 035 | _a(OCoLC)749562665 | ||
| 040 |
_aWA N _cWA N _dKOSZ 005/HR _dKOSZ 005/RW |
||
| 041 | 1 |
_apol _hrus |
|
| 046 | _k1964 | ||
| 080 | _a517.5 | ||
| 080 | _a(07) | ||
| 100 | 1 |
_aRomanovskij, Pavel Ignat'evič _eAutor |
|
| 245 | 1 | 0 |
_aSzeregi Fouriera, teoria pola, funkcje analityczne i specjalne, przekształcenie Laplace'a / _cP. I. Romanowski ; tłumaczenie Antoni Wiweger. |
| 246 | 1 |
_iTytuł oryginału: _aRâdy Fur'e, teoriâ polâ, analitičeskie i special'nye funkcii, preobrazovanie Laplasa. |
|
| 250 | _aWydanie 2 poprawione. | ||
| 260 |
_aWarszawa : _bPaństwowe Wydawnictwo Naukowe, _c1968. |
||
| 300 |
_a331, [1] stron : _bilustracje ; _c21 cm. |
||
| 336 |
_aTekst _btxt _2rdacontent |
||
| 337 |
_aBez urządzenia pośredniczącego _bn _2rdamedia |
||
| 338 |
_aWolumin _bnc _2rdacarrier |
||
| 380 | _aKsiążki | ||
| 380 | _aPublikacje naukowe | ||
| 380 | _aPublikacje dydaktyczne | ||
| 388 | _a1901-2000 | ||
| 388 | _a1945-1989 | ||
| 490 | 1 | _aBiblioteka Naukowa Inżyniera. | |
| 504 | _aIndeks. | ||
| 521 | 8 | _aNiniejszą książkę należy traktować jako krótki podręcznik dla studentów wyższych szkół technicznych. | |
| 650 | 7 | _aSzeregi | |
| 650 | 7 | _aFunkcje analityczne | |
| 650 | 7 | _aPrzekształcenie Laplace'a | |
| 650 | 7 | _aAnaliza matematyczna | |
| 655 | 7 | _aPodręcznik | |
| 658 | _aMatematyka | ||
| 700 | 1 |
_aWiweger, Antoni _eTłumaczenie |
|
| 710 | 2 |
_aPaństwowe Wydawnictwo Naukowe _4pbl |
|
| 830 | 0 | _aBNI Biblioteka Naukowa Inżyniera | |
| 856 |
_uhttp://koha.tu.koszalin.pl/cgi-bin/koha/opac-detail.pl?biblionumber=11259 _yKatalog online BPK |
||
| 942 |
_2UKD _cKS |
||
| 999 |
_c11259 _d11259 |
||